000 00717nam a2200229Ia 4500
001 17195
003 GE_BSU
008 181216s||||||||xx |||||||||||||| ||und||
040 _cGE_BSU
080 _a821.19-3
100 _aრაფი
245 _aოქროს მამალი
245 _bმოთხრობები
245 _cსომხ. თარგმ. და წინასიტყვ. ა. დავითიანისა
260 _aთბილისი
260 _bსაბჭ. საქართველო
260 _c1964
300 _a288გვ. ; 22სმ
653 _aმოთხრობები
653 _aოქროს მამალი
942 _cBK
999 _c50257
_d50257